[Event "Graz op"]
[Site "Graz"]
[Date "2006.09.19"]
[Round "4.12"]
[White "Webersberger, Johann"]
[Black "Cojhter, Karel"]
[Result "1-0"]
[WhiteElo "2264"]
[BlackElo "2089"]
[PlyCount "69"]
[EventDate "2006.09.16"]

1. e4 e6 2. d4 d5 3. Nc3 Bb4 4. e5 c5 5. a3 Bxc3+ 6. bxc3 Qc7 7. Nf3 Nc6 8. Be2
Nge7 9. O-O Bd7 10. Re1 h6 11. Bf1 b6 12. dxc5 bxc5 13. Bf4 Ng6 14. Be3 Nce7
15. h4 Nf5 16. h5 Nxe3 17. Rxe3 Ne7 18. Qd2 O-O 19. Nh2 Nf5 20. Ree1 Qd8 21.
Bd3 Bc6 22. Rad1 Qh4 23. Bxf5 exf5 24. Qe3 d4 25. cxd4 cxd4 26. Rxd4 Qxh5 27.
Nf1 Rfe8 28. Ng3 Qg6 29. Qf4 f6 30. Rd6 Be4 31. exf6 gxf6 32. Nxe4 Rxe4 33.
Rxe4 fxe4 34. Rxf6 Qg7 35. Qxe4 1-0

[Event "Graz op"]
[Site "Graz"]
[Date "2006.09.19"]
[Round "4.13"]
[White "Kainrath, Florian"]
[Black "Loidl, Florian"]
[Result "1/2-1/2"]
[WhiteElo "2080"]
[BlackElo "2233"]
[PlyCount "77"]
[EventDate "2006.09.16"]

1. e4 c5 2. d4 cxd4 3. c3 e5 4. Nf3 Nc6 5. Bc4 Be7 6. O-O dxc3 7. Nxc3 Nf6 8.
Qe2 O-O 9. Rd1 d6 10. h3 a6 11. Bg5 Re8 12. Rac1 Be6 13. Bxe6 fxe6 14. b4 h6
15. Bxf6 Bxf6 16. b5 Nd4 17. Qd3 Rc8 18. bxa6 Qa5 19. axb7 Rxc3 20. Rxc3 Qxc3
21. Qxc3 Ne2+ 22. Kf1 Nxc3 23. Rxd6 Rb8 24. Rc6 Rxb7 25. Rxc3 Rb1+ 26. Ne1 Ra1
27. Rc2 Kf7 28. Ke2 h5 29. Nd3 g5 30. g4 h4 31. Kf3 Ke8 32. Rc8+ Kd7 33. Ra8
Rd1 34. Nc5+ Kd6 35. Nb3 Be7 36. Ra6+ Kd7 37. Ra7+ Ke8 38. Rb7 Ba3 39. Rb8+
1/2-1/2

[Event "Graz op"]
[Site "Graz"]
[Date "2006.09.19"]
[Round "4.16"]
[White "Seuss, Oswald"]
[Black "Huber, Adolf"]
[Result "1/2-1/2"]
[WhiteElo "2154"]
[BlackElo "2058"]
[PlyCount "100"]
[EventDate "2006.09.16"]

1. e4 e6 2. d4 d5 3. Nd2 Nf6 4. e5 Nfd7 5. Bd3 c5 6. c3 Nc6 7. Ne2 Be7 8. O-O
O-O 9. Nf3 Re8 10. Re1 cxd4 11. cxd4 f6 12. exf6 Bxf6 13. Nf4 Nf8 14. Be3 g6
15. a3 Qb6 16. Rb1 a5 17. Bc2 Bd7 18. h4 Rac8 19. h5 Ne7 20. hxg6 hxg6 21. Ne5
Bxe5 22. dxe5 Qc7 23. Bd3 Qxe5 24. Qg4 Qg7 25. Qf3 Bc6 26. Qg4 e5 27. Ne6 Qf6
28. Nxf8 Rxf8 29. Bc5 Rce8 30. f3 Kg7 31. Qg3 e4 32. fxe4 Qf4 33. Bd4+ Kg8 34.
Qh3 dxe4 35. Qh8+ Kf7 36. Bc4+ Nd5 37. Qg7+ Ke6 38. Qxg6+ Kd7 39. Rf1 Qd6 40.
Qg4+ Kc7 41. Qg7+ Kc8 42. Rxf8 Qxf8 43. Qxf8 Rxf8 44. b4 axb4 45. axb4 b5 46.
Bf1 Rg8 47. Bc5 Nf4 48. Rb2 Nd3 49. Rc2 Kd7 50. Rd2 Ke6 1/2-1/2

[Event "Graz op"]
[Site "Graz"]
[Date "2006.09.19"]
[Round "4.17"]
[White "Papakonstantinou, Spyridon"]
[Black "Bergen, Klaus"]
[Result "1-0"]
[WhiteElo "2147"]
[BlackElo "1997"]
[PlyCount "67"]
[EventDate "2006.09.16"]

1. d4 Nf6 2. c4 g6 3. Nc3 Bg7 4. e4 d6 5. f3 O-O 6. Bg5 c6 7. Qd2 Nbd7 8. Nh3
e5 9. d5 c5 10. Nf2 a6 11. h4 Qc7 12. g4 Re8 13. h5 Nf8 14. Be2 Bd7 15. Bh6
Reb8 16. Bxg7 Kxg7 17. f4 b5 18. g5 Ne8 19. Bg4 bxc4 20. f5 Rb4 21. hxg6 fxg6
22. Qe3 Kg8 23. Qh3 Bc8 24. fxg6 Nxg6 25. Bxc8 Rxc8 26. Qe6+ Kg7 27. O-O-O Rcb8
28. Ng4 Qe7 29. Nf6 Qxe6 30. Rxh7+ Kf8 31. dxe6 R8b7 32. Rh6 Nf4 33. Rh8+ Kg7
34. Rg8# 1-0

[Event "Graz op"]
[Site "Graz"]
[Date "2006.09.19"]
[Round "4.18"]
[White "Sachsenhofer, Michael"]
[Black "Granabetter, Josef"]
[Result "1-0"]
[WhiteElo "2140"]
[BlackElo "1996"]
[PlyCount "83"]
[EventDate "2006.09.16"]

1. e4 c5 2. Nc3 Nc6 3. g3 g6 4. Bg2 Bg7 5. d3 e6 6. Be3 Nd4 7. Nge2 Ne7 8. O-O
O-O 9. Qd2 d6 10. Nd1 Rb8 11. c3 Nxe2+ 12. Qxe2 b6 13. f4 Re8 14. Nf2 Ba6 15.
Rad1 d5 16. c4 Qc8 17. b3 b5 18. cxb5 Bxb5 19. Rc1 d4 20. Bd2 Qa6 21. Rc2 Bf8
22. Rfc1 Nc8 23. e5 Nb6 24. Be4 Nd7 25. Qf3 Rec8 26. h4 Bc6 27. h5 Bxe4 28.
Nxe4 Kg7 29. Kf2 Be7 30. Ke2 Qb7 31. Qg4 Qa8 32. Qf3 a5 33. h6+ Kh8 34. Nf2
Qxf3+ 35. Kxf3 Rb5 36. Ne4 Rc6 37. Rc4 Nb6 38. Rxd4 Nd5 39. Rdc4 Nc7 40. d4 Na6
41. dxc5 Bf8 42. Nd6 1-0

[Event "Graz op"]
[Site "Graz"]
[Date "2006.09.19"]
[Round "4.19"]
[White "Zechner, Andrea"]
[Black "Brunner, Gerhard"]
[Result "1/2-1/2"]
[WhiteElo "1884"]
[BlackElo "2027"]
[PlyCount "120"]
[EventDate "2006.09.16"]

1. d4 d6 2. c4 e5 3. Nf3 e4 4. Ng5 f5 5. Nc3 Be7 6. Nh3 Nf6 7. g3 c6 8. Bg2 O-O
9. O-O Na6 10. d5 Nc7 11. f3 cxd5 12. cxd5 a6 13. Nf2 exf3 14. exf3 b5 15. a3
Bb7 16. f4 Qe8 17. Qd3 g6 18. Nfd1 Qf7 19. Ne3 Rfe8 20. b4 Bf8 21. Bb2 Bg7 22.
Rad1 Re7 23. Rfe1 Rae8 24. Qd2 Nfxd5 25. Ncxd5 Nxd5 26. Bxd5 Bxd5 27. Bxg7 Kxg7
28. Nxf5+ Qxf5 29. Rxe7+ Rxe7 30. Qxd5 Re1+ 31. Kf2 Rxd1 32. Qxd1 Qe6 33. Qd4+
Kh6 34. Qd2 Kg7 35. Qd4+ Kg8 36. Qd2 Kf7 37. Kf3 h5 38. Kf2 d5 39. Qd4 Qc6 40.
Qa7+ Ke6 41. Qe3+ Kf7 42. Qa7+ Kg8 43. Qb8+ Kh7 44. Qa7+ Kh8 45. Qb8+ Kg7 46.
Qa7+ Kf8 47. Qb8+ Ke7 48. Qa7+ Ke6 49. Qe3+ Kf7 50. Qa7+ Ke8 51. Qb8+ Kd7 52.
Qa7+ Kc8 53. Qe3 Kd8 54. Qd4 Qc2+ 55. Kf3 Qb3+ 56. Kf2 Qa2+ 57. Ke1 Ke8 58.
Qe5+ Kf7 59. Qc7+ Ke8 60. Qc8+ Ke7 1/2-1/2

[Event "Graz op"]
[Site "Graz"]
[Date "2006.09.19"]
[Round "4.20"]
[White "Dobay, Klaus"]
[Black "Neuberger, Marco"]
[Result "1/2-1/2"]
[WhiteElo "2004"]
[BlackElo "1958"]
[PlyCount "44"]
[EventDate "2006.09.16"]

1. f4 d5 2. Nf3 Nf6 3. g3 Bg4 4. Bg2 Bxf3 5. Bxf3 c6 6. O-O Nbd7 7. d4 e6 8.
Nd2 Be7 9. e4 dxe4 10. Nxe4 Nxe4 11. Bxe4 Nf6 12. Bg2 O-O 13. c3 Qc7 14. Qf3
Rfd8 15. Be3 Nd5 16. Bf2 Rac8 17. Rad1 Nf6 18. Rd2 Qa5 19. a3 Rd7 20. Rfd1 Rcd8
21. Qe2 Qc7 22. h3 Qa5 1/2-1/2

[Event "Graz op"]
[Site "Graz"]
[Date "2006.09.20"]
[Round "5.1"]
[White "Zakharchenko, Arnold"]
[Black "Balinov, Ilia"]
[Result "0-1"]
[WhiteElo "2275"]
[BlackElo "2454"]
[PlyCount "73"]
[EventDate "2006.09.16"]

1. d4 f5 2. g3 Nf6 3. Bg2 g6 4. Nf3 Bg7 5. O-O O-O 6. b4 e6 7. c4 Nc6 8. Qb3
Ne4 9. Bb2 d5 10. e3 dxc4 11. Qxc4 Qd5 12. Rc1 Qxc4 13. Rxc4 Nd6 14. Rc5 Nxb4
15. Rxc7 Nb5 16. Rc5 Bd7 17. a4 Nd3 18. Rc2 Rac8 19. Rxc8 Rxc8 20. axb5 Nxb2
21. Na3 Rc3 22. Ne5 Bxe5 23. dxe5 b6 24. Bf1 Nd3 25. Bxd3 Rxd3 26. Nc2 Bxb5 27.
Nd4 Bc4 28. Rxa7 g5 29. Ra1 g4 30. Rb1 Kf7 31. Rc1 b5 32. Rb1 b4 33. Nc6 b3 34.
Na5 Bd5 35. Kf1 Rc3 36. Ke1 Ke7 37. Kd1 0-1

[Event "Graz op"]
[Site "Graz"]
[Date "2006.09.20"]
[Round "5.2"]
[White "Shengelia, Davit"]
[Black "Krumpacnik, Domen"]
[Result "1-0"]
[WhiteElo "2490"]
[BlackElo "2385"]
[PlyCount "85"]
[EventDate "2006.09.16"]

1. d4 Nf6 2. c4 e6 3. Nc3 Bb4 4. e3 Nc6 5. Nge2 d5 6. a3 Be7 7. cxd5 exd5 8.
Nf4 Bf5 9. b4 Qd7 10. Bb5 O-O 11. f3 a6 12. Ba4 Bd8 13. O-O b5 14. Bb3 Ne7 15.
g4 Be6 16. e4 c6 17. e5 Ne8 18. Bc2 a5 19. Qd3 g6 20. Nxe6 Qxe6 21. Bh6 Ng7 22.
Ne2 Bb6 23. Kh1 f5 24. exf6 Qxf6 25. bxa5 Rxa5 26. f4 Bc7 27. Ng3 Rf7 28. Bg5
Qd6 29. f5 gxf5 30. Bf4 Qd7 31. Bxc7 Qxc7 32. gxf5 Rf6 33. Qe3 Qd6 34. Rg1 Kf8
35. Qg5 h6 36. Qg4 Rf7 37. f6 Qxf6 38. Raf1 Qg5 39. Qd7 Ne8 40. Rxf7+ Kxf7 41.
Nf5 Qf6 42. Rf1 Kf8 43. Ng3 1-0

[Event "Graz op"]
[Site "Graz"]
[Date "2006.09.20"]
[Round "5.5"]
[White "Danner, Georg"]
[Black "Schnider, Gert"]
[Result "1/2-1/2"]
[WhiteElo "2411"]
[BlackElo "2270"]
[PlyCount "67"]
[EventDate "2006.09.16"]

1. d4 Nf6 2. Nf3 e6 3. e3 b6 4. Bd3 Bb7 5. O-O Be7 6. c4 O-O 7. Nc3 d5 8. cxd5
exd5 9. b3 Ne4 10. Bb2 Nd7 11. Qc2 f5 12. Ne2 Bd6 13. Ne5 Qe7 14. Rac1 c5 15.
Nxd7 Qxd7 16. f3 Rac8 17. fxe4 fxe4 18. dxc5 Bxc5 19. Qd2 exd3 20. Qxd3 Qe7 21.
Bd4 Bd6 22. Rxc8 Bxc8 23. Rxf8+ Qxf8 24. Nc3 Bb7 25. Nb5 Bb8 26. Bc3 Qf7 27.
Nd4 Qc7 28. g3 Bc8 29. Nf3 Qf7 30. e4 dxe4 31. Qd8+ Qf8 32. Qd5+ Qf7 33. Qd8+
Qf8 34. Qd5+ 1/2-1/2

[Event "Graz op"]
[Site "Graz"]
[Date "2006.09.20"]
[Round "5.7"]
[White "Zoebisch, Herbert"]
[Black "Zupe, Miran"]
[Result "0-1"]
[WhiteElo "2194"]
[BlackElo "2378"]
[PlyCount "70"]
[EventDate "2006.09.16"]

1. d4 Nf6 2. c4 c5 3. d5 b5 4. cxb5 a6 5. e3 g6 6. Nc3 Bg7 7. a4 O-O 8. Nf3 d6
9. Ra3 Bb7 10. e4 axb5 11. Bxb5 Ne8 12. O-O Nc7 13. Bc4 Nd7 14. Rb3 Ba6 15.
Bxa6 Nxa6 16. Bg5 Nb4 17. Re1 Re8 18. Bf4 Qa5 19. Ra3 c4 20. Re2 Nd3 21. Bc1
N7c5 22. Ne1 Nxc1 23. Qxc1 Nb3 24. Qe3 Bd4 25. Qg3 Bc5 26. Rxb3 cxb3 27. Nf3
Qa6 28. Re1 Bb4 29. h4 Bxc3 30. bxc3 Qd3 31. Nd4 Qxg3 32. fxg3 b2 33. Rb1 Reb8
34. Nb5 Rxa4 35. Rxb2 Rxe4 0-1

[Event "Graz op"]
[Site "Graz"]
[Date "2006.09.20"]
[Round "5.8"]
[White "Schachinger, Mario"]
[Black "Kopinits, Anna-Christina"]
[Result "1-0"]
[WhiteElo "2277"]
[BlackElo "2096"]
[PlyCount "63"]
[EventDate "2006.09.16"]

1. e4 c5 2. Nf3 Nc6 3. d4 cxd4 4. Nxd4 Nf6 5. Nc3 d6 6. Be2 e5 7. Nb3 h6 8. O-O
Be7 9. Kh1 O-O 10. f4 a6 11. Qe1 b5 12. a3 Nd4 13. Nxd4 exd4 14. Nd5 Nxd5 15.
exd5 Bb7 16. Qf2 Bf6 17. Qf3 Rc8 18. Bd3 Re8 19. Bd2 Rc5 20. b4 Bxd5 21. Qh3
Rc7 22. Qf5 Qa8 23. Rfe1 Bxg2+ 24. Kg1 Kf8 25. Qh7 g6 26. f5 g5 27. Qxh6+ Bg7
28. Qxg5 Rxe1+ 29. Rxe1 Bh1 30. Bf4 Rd7 31. Qg3 Qd5 32. f6 1-0

[Event "Graz op"]
[Site "Graz"]
[Date "2006.09.20"]
[Round "5.9"]
[White "Aschenbrenner, Robert"]
[Black "Kokol, Peter"]
[Result "1-0"]
[WhiteElo "2280"]
[BlackElo "2165"]
[PlyCount "77"]
[EventDate "2006.09.16"]

1. d4 Nf6 2. c4 c5 3. d5 e6 4. Nc3 exd5 5. cxd5 d6 6. e4 g6 7. f4 Bg7 8. Bb5+
Nbd7 9. a4 O-O 10. Nf3 Re8 11. O-O a6 12. Bd3 Qc7 13. e5 dxe5 14. f5 c4 15. Bc2
Nf8 16. fxg6 hxg6 17. Qe1 N6d7 18. Kh1 Nc5 19. Qh4 Nd3 20. Ng5 f5 21. Be3 b6
22. Rad1 e4 23. Ne2 Bxb2 24. Rb1 Qg7 25. Rxb2 Nxb2 26. Bd4 Re5 27. Bxb2 b5 28.
Nf4 Ra7 29. Nfe6 Bxe6 30. Nxe6 Nxe6 31. dxe6 Qc7 32. Rd1 Rxe6 33. Rd8+ Qxd8 34.
Qxd8+ Kf7 35. Ba3 Re8 36. Qd5+ Re6 37. g4 Rc7 38. gxf5 gxf5 39. Qxf5+ 1-0

[Event "Graz op"]
[Site "Graz"]
[Date "2006.09.20"]
[Round "5.10"]
[White "Schuurman, Petra"]
[Black "Wallner, Dieter"]
[Result "1/2-1/2"]
[WhiteElo "2219"]
[BlackElo "2151"]
[PlyCount "54"]
[EventDate "2006.09.16"]

1. d4 d5 2. c4 c6 3. Nc3 Nf6 4. Nf3 dxc4 5. a4 Bf5 6. e3 e6 7. Bxc4 Bb4 8. O-O
O-O 9. Qe2 Bg6 10. Ne5 Nbd7 11. Nxg6 hxg6 12. Rd1 Qa5 13. Na2 Qxa4 14. b3 Qa5
15. Nxb4 Qxa1 16. Na2 Qb1 17. Ba3 Qf5 18. Bxf8 Rxf8 19. Bd3 Qa5 20. Qb2 e5 21.
b4 Qc7 22. Bc4 Nb6 23. Bb3 e4 24. Qc2 Qe7 25. Qc5 Re8 26. Nc3 Qd7 27. Ra1 Nc8
1/2-1/2

[Event "Graz op"]
[Site "Graz"]
[Date "2006.09.20"]
[Round "5.11"]
[White "Fauland, Peter"]
[Black "Papakonstantinou, Spyridon"]
[Result "1-0"]
[WhiteElo "2216"]
[BlackElo "2147"]
[PlyCount "137"]
[EventDate "2006.09.16"]

1. d4 Nf6 2. Nf3 g6 3. g3 Bg7 4. Bg2 d6 5. O-O O-O 6. Bg5 Ne4 7. Be3 Nc6 8. c3
d5 9. Nfd2 Nf6 10. Bf4 h6 11. Nf3 Ne4 12. Nbd2 g5 13. Be3 Nd6 14. h4 Nf5 15.
Bxg5 hxg5 16. Nxg5 f6 17. Nh3 e5 18. e4 dxe4 19. Bxe4 Nh6 20. Kg2 Bxh3+ 21.
Kxh3 f5 22. Bg2 Rb8 23. Qb3+ Kh8 24. Nf3 exd4 25. Rad1 Qe7 26. Rfe1 Qf7 27. Qb5
dxc3 28. bxc3 Qf6 29. Ng5 Rbe8 30. Qxb7 Rxe1 31. Rxe1 Ne5 32. Qxc7 Nhf7 33. Bd5
Nxg5+ 34. hxg5 Qxg5 35. Rxe5 Bxe5 36. Qxe5+ Rf6 37. Kg2 Qh6 38. Qb8+ Qf8 39.
Qxa7 f4 40. Qd4 fxg3 41. fxg3 Kh7 42. a4 Qe7 43. Qh4+ Kg6 44. Qg4+ Kh6 45. Qh4+
Kg6 46. Be4+ Kf7 47. Qh5+ Kg7 48. Qh7+ Kf8 49. Qh8+ Kf7 50. Qh5+ Kg7 51. Qg5+
Kf7 52. Qd5+ Kg7 53. a5 Rd6 54. Qf5 Qf6 55. Qxf6+ Kxf6 56. Bb7 Rd2+ 57. Kh3 Ra2
58. a6 Ke5 59. Kg4 Ra3 60. Kh5 Ra5 61. Kg6 Ra4 62. Kg5 Ra3 63. g4 Ra5 64. Kh6
Ra2 65. Kg6 Kf4 66. g5 Ra5 67. Kh6 Ra2 68. g6 Rh2+ 69. Kg7 1-0

[Event "Graz op"]
[Site "Graz"]
[Date "2006.09.20"]
[Round "5.12"]
[White "Wanderer, Thomas"]
[Black "Brem, Stephan"]
[Result "1-0"]
[WhiteElo "2206"]
[BlackElo "2142"]
[PlyCount "105"]
[EventDate "2006.09.16"]

1. e4 c5 2. Nc3 a6 3. Nge2 b5 4. d4 e6 5. Be3 Qc7 6. dxc5 Bxc5 7. Bxc5 Qxc5 8.
Qd4 Qxd4 9. Nxd4 Bb7 10. b4 Nf6 11. f3 Ke7 12. a4 Nc6 13. Nxc6+ dxc6 14. Bd3 a5
15. Rb1 c5 16. bxc5 b4 17. Na2 Nd7 18. c3 Nxc5 19. Bb5 Ba6 20. cxb4 Bxb5 21.
axb5 Nd3+ 22. Kd2 axb4 23. Nxb4 Nxb4 24. Rxb4 Ra2+ 25. Ke3 Rxg2 26. b6 Rb8 27.
Ra1 Rc2 28. e5 Rcc8 29. Ra7+ Kf8 30. Rf4 Rxb6 31. Rfxf7+ Kg8 32. Rxg7+ Kh8 33.
Rxh7+ Kg8 34. h4 Rb3+ 35. Kf2 Rb5 36. f4 Rc3 37. Rhb7 Rxb7 38. Rxb7 Rh3 39. Re7
Rxh4 40. Kf3 Rh6 41. Kg4 Rg6+ 42. Kh5 Rg1 43. Rxe6 Kf7 44. Ra6 Rg2 45. Rf6+ Kg7
46. Rf5 Re2 47. Rg5+ Kf7 48. Kg4 Re1 49. Kf5 Re2 50. e6+ Kf8 51. Kf6 Re4 52. f5
Re3 53. e7+ 1-0

[Event "Graz op"]
[Site "Graz"]
[Date "2006.09.20"]
[Round "5.13"]
[White "Nickl, Klaus"]
[Black "Sachsenhofer, Michael"]
[Result "1/2-1/2"]
[WhiteElo "2181"]
[BlackElo "2140"]
[PlyCount "138"]
[EventDate "2006.09.16"]

1. d4 d5 2. Nf3 Nf6 3. e3 c6 4. c4 e6 5. Qc2 Be7 6. Nbd2 O-O 7. Bd3 Nbd7 8. b3
b6 9. Bb2 Bb7 10. O-O c5 11. Ne5 cxd4 12. exd4 h6 13. f4 Rc8 14. Rae1 dxc4 15.
bxc4 Nxe5 16. fxe5 Nd5 17. Qd1 Nb4 18. Bb1 b5 19. c5 Qd5 20. Ne4 f5 21. exf6
Bxf6 22. Nxf6+ Rxf6 23. Qg4 Rcf8 24. Rxf6 Rxf6 25. a3 Qb3 26. Qe2 Nd5 27. Bc2
Qc4 28. Bd3 Qb3 29. Qc2 Qxc2 30. Bxc2 Kf7 31. Be4 Ke7 32. Bc1 Kd7 33. Bd2 Bc6
34. Bf3 Ne7 35. Be2 Nf5 36. Rd1 Nxd4 37. Bg5 hxg5 38. Rxd4+ Kc7 39. Bd3 Rf4 40.
Rd6 e5 41. Rg6 Rf7 42. Rxg5 e4 43. Be2 Re7 44. h4 a5 45. Rg3 e3 46. Kf1 b4 47.
axb4 axb4 48. Bc4 Ba4 49. Ke2 Kc6 50. Rxe3 Rxe3+ 51. Kxe3 Kxc5 52. Bd3 Bd1 53.
Bf5 Kd5 54. Kf4 b3 55. Bh7 Bc2 56. Bg8+ Kd6 57. g4 b2 58. Ba2 b1=Q 59. Bxb1
Bxb1 60. h5 Ke6 61. g5 Kf7 62. h6 g6 63. Ke5 Ba2 64. Kd6 Kf8 65. Ke5 Bg8 66.
Kf6 Bh7 67. Ke6 Ke8 68. Kf6 Kf8 69. Ke6 Ke8 1/2-1/2

[Event "Graz op"]
[Site "Graz"]
[Date "2006.09.20"]
[Round "5.14"]
[White "Loidl, Florian"]
[Black "Hatzl, Johannes"]
[Result "1-0"]
[WhiteElo "2233"]
[BlackElo "2113"]
[PlyCount "79"]
[EventDate "2006.09.16"]

1. e4 c6 2. c4 d5 3. exd5 cxd5 4. cxd5 Nf6 5. Nc3 g6 6. Bc4 Bg7 7. Nge2 Nbd7 8.
d3 Nb6 9. Qb3 O-O 10. O-O Bg4 11. Re1 Rc8 12. Be3 Bxe2 13. Rxe2 Nfd7 14. Bxb6
Nxb6 15. Nb5 a6 16. Na3 Qd6 17. Rae1 Bf6 18. Nc2 Rc7 19. Ne3 Rfc8 20. a4 h5 21.
a5 Nd7 22. Qa2 Kg7 23. b4 Be5 24. Nf1 Bc3 25. Rb1 Ne5 26. Re4 f5 27. Rh4 Qf6
28. Rf4 g5 29. Ng3 Qg6 30. Rxf5 h4 31. Rxe5 Bxe5 32. Ne2 Rf8 33. Rf1 Qd6 34.
Kh1 Bxh2 35. Nd4 Qf6 36. Ne6+ Kh6 37. Nxf8 Bd6 38. Ne6 Qe5 39. f4 gxf4 40. d4
1-0

[Event "Graz op"]
[Site "Graz"]
[Date "2006.09.20"]
[Round "5.15"]
[White "Cojhter, Karel"]
[Black "Seuss, Oswald"]
[Result "0-1"]
[WhiteElo "2089"]
[BlackElo "2154"]
[PlyCount "68"]
[EventDate "2006.09.16"]

1. e4 c5 2. Nf3 Nc6 3. c3 d5 4. exd5 Qxd5 5. d4 Bg4 6. Be2 cxd4 7. cxd4 e6 8.
Nc3 Qa5 9. O-O Nf6 10. a3 Bd6 11. h3 Bh5 12. Be3 O-O 13. Qb3 Rab8 14. Rfd1 Nd5
15. Nxd5 exd5 16. Qa2 Rfd8 17. b4 Qb6 18. Kf1 Ne7 19. g4 Bg6 20. Ne5 Rbc8 21.
Nxg6 hxg6 22. Bf3 a5 23. bxa5 Qxa5 24. Rdb1 Rc7 25. Be2 Ra8 26. a4 Bb4 27. Rb3
Nc6 28. Qb2 Ra7 29. Bb5 Bd6 30. Be2 Re7 31. Rb5 Qc7 32. Qc3 Bf4 33. Bxf4 Qxf4
34. Rxd5 Rxe2 0-1

[Event "Graz op"]
[Site "Graz"]
[Date "2006.09.20"]
[Round "5.16"]
[White "Huber, Adolf"]
[Black "Kainrath, Florian"]
[Result "1/2-1/2"]
[WhiteElo "2058"]
[BlackElo "2080"]
[PlyCount "120"]
[EventDate "2006.09.16"]

1. e4 c5 2. Nf3 Nc6 3. d4 cxd4 4. Nxd4 Nf6 5. Nc3 e5 6. Ndb5 d6 7. Bg5 a6 8.
Na3 Be6 9. Be2 b5 10. Nd5 Bxd5 11. exd5 Ne7 12. c4 Ne4 13. Bxe7 Qa5+ 14. Kf1
Bxe7 15. Qe1 Qxe1+ 16. Rxe1 b4 17. Nb1 O-O 18. Bd1 Nc5 19. g3 f5 20. Bc2 g6 21.
Nd2 a5 22. Nb3 Rfc8 23. Nxc5 Rxc5 24. b3 a4 25. h4 Bf6 26. Kg2 axb3 27. Bxb3
Rca5 28. Re2 Bd8 29. f3 Bb6 30. h5 g5 31. g4 fxg4 32. fxg4 Rf8 33. Rf1 Rxf1 34.
Kxf1 Ra8 35. Bc2 Ra3 36. Bb3 Kg7 37. Kg2 Ra8 38. Re1 Rf8 39. Rf1 Rf4 40. Rxf4
gxf4 41. Kf3 Kf6 42. Bc2 h6 43. Bf5 Kg5 44. Bd3 Kh4 45. Bf1 Bd8 46. Be2 Bg5 47.
Bd3 Kh3 48. Bc2 Kh2 49. Be4 Be7 50. Bd3 Kg1 51. Be2 Bf6 52. Bd3 Bg5 53. Be2 Bd8
54. Bd3 Bh4 55. Be2 Bg5 56. Bd3 e4+ 57. Bxe4 Kf1 58. Bc2 Ke1 59. Bb3 Kd2 60.
Kf2 Kd3 1/2-1/2

[Event "Graz op"]
[Site "Graz"]
[Date "2006.09.20"]
[Round "5.17"]
[White "Sarre, Sascha"]
[Black "Zechner, Andrea"]
[Result "1/2-1/2"]
[WhiteElo "2080"]
[BlackElo "1884"]
[PlyCount "86"]
[EventDate "2006.09.16"]

1. c4 c6 2. g3 d5 3. Bg2 Nf6 4. Qc2 e6 5. b3 Nbd7 6. Bb2 Be7 7. Nf3 O-O 8. O-O
Qc7 9. d4 dxc4 10. Qxc4 Nb6 11. Qc2 Nbd5 12. a3 Bd7 13. e4 Nb6 14. Nbd2 Rac8
15. b4 Rfd8 16. Rac1 Be8 17. Bh3 Nbd7 18. e5 Nd5 19. Ne4 Nf8 20. Nfd2 a5 21.
bxa5 Qxa5 22. Nc4 Qc7 23. Bg2 Ra8 24. Qb3 f6 25. f4 Bg6 26. Kh1 Bxe4 27. Bxe4
f5 28. Bg2 Ra6 29. Ne3 Qb6 30. Bxd5 cxd5 31. Qc3 Nd7 32. Rc2 Nb8 33. Rfc1 Nc6
34. Rg2 h5 35. h3 Kf7 36. g4 hxg4 37. hxg4 Rh8+ 38. Rh2 Rxh2+ 39. Kxh2 fxg4 40.
Nxg4 Ra4 41. Rd1 Rc4 42. Qd2 Qa5 43. Qd3 Qb6 1/2-1/2

[Event "Graz op"]
[Site "Graz"]
[Date "2006.09.20"]
[Round "5.18"]
[White "Bergen, Klaus"]
[Black "Spelec, Darko"]
[Result "1/2-1/2"]
[WhiteElo "1997"]
[BlackElo "2063"]
[PlyCount "53"]
[EventDate "2006.09.16"]

1. e4 e6 2. d4 d5 3. e5 c5 4. Nf3 Nc6 5. dxc5 Bxc5 6. Bd3 Nge7 7. O-O Ng6 8.
Re1 Qb6 9. Be3 Bxe3 10. Rxe3 Bd7 11. Nbd2 Rc8 12. Nb3 Qc7 13. Bxg6 hxg6 14.
Nbd4 Nxd4 15. Nxd4 Bc6 16. Qg4 Qe7 17. c3 Rh4 18. Qe2 Kd7 19. b4 Kc7 20. g3 Rh6
21. f4 Rch8 22. Rf1 a6 23. Rf2 Qe8 24. Qg4 Bb5 25. Qd1 Qd7 26. Qf3 Bc4 27. Qd1
1/2-1/2

[Event "Graz op"]
[Site "Graz"]
[Date "2006.09.20"]
[Round "5.19"]
[White "Brunner, Gerhard"]
[Black "Granabetter, Josef"]
[Result "1-0"]
[WhiteElo "2027"]
[BlackElo "1996"]
[PlyCount "53"]
[EventDate "2006.09.16"]

1. e4 c5 2. Nf3 e6 3. d4 cxd4 4. Nxd4 a6 5. Be3 Nf6 6. Nc3 Bb4 7. e5 Nd5 8. Qg4
Nxe3 9. fxe3 Bxc3+ 10. bxc3 O-O 11. Bd3 f5 12. exf6 Rxf6 13. Qh3 Rh6 14. Qf3
Qc7 15. Kd2 Qe5 16. Raf1 Rf6 17. Qh3 Rh6 18. Qg4 Nc6 19. Rf2 Rf6 20. Rxf6 Qxf6
21. Rf1 Qe7 22. Qh5 g5 23. Bxh7+ Qxh7 24. Qe8+ Kg7 25. Rf7+ Kh6 26. Rf6+ Kg7
27. Qf8# 1-0

[Event "Graz op"]
[Site "Graz"]
[Date "2006.09.20"]
[Round "5.20"]
[White "Westermayer, Johann"]
[Black "Dobay, Klaus"]
[Result "0-1"]
[WhiteElo "1865"]
[BlackElo "2004"]
[PlyCount "62"]
[EventDate "2006.09.16"]

1. Nf3 f5 2. c4 Nf6 3. d4 g6 4. g3 Bg7 5. Bg2 d6 6. O-O O-O 7. Nc3 Nc6 8. d5
Ne5 9. Qb3 Nfd7 10. Be3 h6 11. Nd2 Ng4 12. h3 Nxe3 13. fxe3 Nc5 14. Qc2 e5 15.
b4 Nd7 16. Rf3 e4 17. Rff1 Qg5 18. Rf4 Qxg3 19. Nf1 Qg5 20. Nh2 Qf6 21. Rc1 a6
22. Nf1 Qe7 23. Ng3 Be5 24. Ngxe4 Bxf4 25. exf4 fxe4 26. Bxe4 Nf6 27. Bxg6 Bxh3
28. Kh2 Bd7 29. Bh5 Nxh5 30. Qg6+ Ng7 31. Qxh6 Qf6 0-1

[Event "Graz op"]
[Site "Graz"]
[Date "2006.09.21"]
[Round "6.2"]
[White "Pilaj, Herwig"]
[Black "Shengelia, Davit"]
[Result "0-1"]
[WhiteElo "2380"]
[BlackElo "2490"]
[PlyCount "86"]
[EventDate "2006.09.16"]

1. d4 Nf6 2. c4 e6 3. Nf3 b6 4. Nc3 Bb7 5. a3 d5 6. cxd5 Nxd5 7. e3 Be7 8. Bb5+
c6 9. Bd3 O-O 10. Qc2 h6 11. O-O c5 12. e4 Nxc3 13. bxc3 Qc8 14. Qe2 Rd8 15.
Bf4 Ba6 16. d5 Bxd3 17. Qxd3 c4 18. Qe2 exd5 19. exd5 Bd6 20. Be3 Nd7 21. Nd4
Ne5 22. h3 Bc5 23. f4 Nd3 24. f5 Rxd5 25. f6 g6 26. Bxh6 Rxd4 27. cxd4 Bxd4+
28. Kh1 Bxa1 29. Rxa1 Qe6 30. Qf3 Rd8 31. Bg7 c3 32. Qg3 Qc4 33. Qe3 c2 34. Rc1
Nf4 35. Kh2 g5 36. Bh6 Qc7 37. Qg3 Rd3 38. Qxg5+ Ng6+ 39. g3 Qc6 40. h4 Rd1 41.
Kh3 Qh1+ 42. Kg4 Rd4+ 43. Kh5 Qd1+ 0-1

[Event "Graz op"]
[Site "Graz"]
[Date "2006.09.21"]
[Round "6.6"]
[White "Aschenbrenner, Robert"]
[Black "Danner, Georg"]
[Result "1/2-1/2"]
[WhiteElo "2280"]
[BlackElo "2411"]
[PlyCount "103"]
[EventDate "2006.09.16"]

1. d4 f5 2. g3 Nf6 3. Bg2 e6 4. Nf3 Be7 5. O-O d6 6. c4 O-O 7. b3 Ne4 8. Nfd2
Nxd2 9. Qxd2 Bf6 10. Bb2 Qe7 11. Nc3 c6 12. e4 e5 13. dxe5 dxe5 14. exf5 Bxf5
15. Ne4 Na6 16. Bc3 Rad8 17. Qe3 Bxe4 18. Bxe4 Qc5 19. Qe2 Nc7 20. b4 Qe7 21.
Rae1 Ne6 22. Bb1 g6 23. c5 Nd4 24. Bxd4 Rxd4 25. a3 Qd7 26. Ba2+ Kg7 27. Rd1
Rd8 28. Bb3 a5 29. Rfe1 axb4 30. axb4 Qf5 31. Bc4 h5 32. Rxd4 Rxd4 33. Rd1 e4
34. Rxd4 Bxd4 35. Ba2 h4 36. Bb1 hxg3 37. hxg3 Qh3 38. Bxe4 Qxg3+ 39. Bg2 Qf4
40. Qe7+ Kh6 41. Qe2 Qc1+ 42. Kh2 Qc3 43. Qg4 Qd2 44. Qh4+ Kg7 45. Qe7+ Kg8 46.
Qe8+ Kh7 47. Qe7+ Bg7 48. Qh4+ Qh6 49. Qxh6+ Kxh6 50. b5 Bd4 51. bxc6 bxc6 52.
Bxc6 1/2-1/2

[Event "Graz op"]
[Site "Graz"]
[Date "2006.09.21"]
[Round "6.9"]
[White "Webersberger, Johann"]
[Black "Nickl, Klaus"]
[Result "1-0"]
[WhiteElo "2264"]
[BlackElo "2181"]
[PlyCount "101"]
[EventDate "2006.09.16"]

1. d4 Nf6 2. c4 c6 3. Nc3 d5 4. Nf3 dxc4 5. e3 Bg4 6. Bxc4 e6 7. Qb3 Qb6 8. Ne5
Qxb3 9. axb3 Bf5 10. f3 Nfd7 11. Nxd7 Nxd7 12. e4 Bg6 13. Be3 Bb4 14. Kf2 O-O
15. Rhd1 a6 16. Bf1 Rac8 17. Na4 f5 18. exf5 exf5 19. Bf4 Bf7 20. Bc4 b5 21.
Bxf7+ Rxf7 22. Nc3 a5 23. Rac1 Rff8 24. Rc2 Nb6 25. Rdc1 Bxc3 26. bxc3 Rfd8 27.
c4 a4 28. cxb5 axb3 29. Rxc6 b2 30. Rb1 Na4 31. d5 Nc3 32. Rxc3 Rxc3 33. Rxb2
Rd7 34. b6 Rb7 35. Kg3 Kf7 36. Bc7 Ke8 37. Re2+ Kd7 38. d6 Rd3 39. Re7+ Kc6 40.
Rxg7 Rxd6 41. Rxh7 Rg6+ 42. Kf2 Kd5 43. Rd7+ Kc5 44. Rd8 Kc6 45. g3 Rh6 46. Kg2
Rxb6 47. Bxb6 Kxb6 48. g4 fxg4 49. fxg4 Kc7 50. Rd1 Ra6 51. Kg3 1-0